000 00341 a2200169 4500
001 58200
020 _a852625622X
040 _cAnchieta - Pituba
100 _aAlencar, José de
240 1 0 _aIracema
_lpor
245 1 0 _aIracema
300 _a74
362 0 _a2004
440 1 _aScipione
650 4 _aFicção brasileira
942 _cBK
999 _c58200
_d58200